<?xml version="1.0" encoding="UTF-8"?>
<record
    xmlns:xsi="http://www.w3.org/2001/XMLSchema-instance"
    xsi:schemaLocation="http://www.loc.gov/MARC21/slim http://www.loc.gov/standards/marcxml/schema/MARC21slim.xsd"
    xmlns="http://www.loc.gov/MARC21/slim">

  <leader>02040cam a22003135i 4500</leader>
  <datafield tag="999" ind1=" " ind2=" ">
    <subfield code="c">27162</subfield>
    <subfield code="d">27134</subfield>
  </datafield>
  <controlfield tag="001">007919158</controlfield>
  <controlfield tag="003">OSt</controlfield>
  <controlfield tag="005">20190214132039.0</controlfield>
  <controlfield tag="008">960926s1996    flu    frb    001 ||eng d</controlfield>
  <datafield tag="020" ind1=" " ind2=" ">
    <subfield code="a">1574440047 </subfield>
  </datafield>
  <datafield tag="020" ind1=" " ind2=" ">
    <subfield code="a">9781574440041</subfield>
  </datafield>
  <datafield tag="040" ind1=" " ind2=" ">
    <subfield code="a">Uk</subfield>
    <subfield code="c">Uk</subfield>
    <subfield code="b">eng</subfield>
    <subfield code="d">EG-ScBUE </subfield>
  </datafield>
  <datafield tag="082" ind1="0" ind2="4">
    <subfield code="2">22</subfield>
    <subfield code="a">158.1</subfield>
    <subfield code="b">DIN</subfield>
  </datafield>
  <datafield tag="100" ind1="1" ind2=" ">
    <subfield code="a">Dinkmeyer, Don C.,</subfield>
    <subfield code="d">1952-</subfield>
  </datafield>
  <datafield tag="245" ind1="1" ind2="4">
    <subfield code="a">The skills of encouragement :</subfield>
    <subfield code="b">bringing out the best in yourself and others /</subfield>
    <subfield code="c">Lewis E. Losoncy and Donald Dinkmeyer.</subfield>
  </datafield>
  <datafield tag="264" ind1=" " ind2="1">
    <subfield code="a">Delray Beach, Florida :</subfield>
    <subfield code="b">St. Lucie Press, </subfield>
    <subfield code="c">c.1996.</subfield>
  </datafield>
  <datafield tag="300" ind1=" " ind2=" ">
    <subfield code="a">xv, 231p. ;</subfield>
    <subfield code="c">23cm.</subfield>
  </datafield>
  <datafield tag="336" ind1=" " ind2=" ">
    <subfield code="a">text</subfield>
    <subfield code="2">rdacontent</subfield>
  </datafield>
  <datafield tag="337" ind1=" " ind2=" ">
    <subfield code="a">unmediated</subfield>
    <subfield code="2">rdamedia</subfield>
  </datafield>
  <datafield tag="338" ind1=" " ind2=" ">
    <subfield code="a">volume</subfield>
    <subfield code="2">rdacarrier</subfield>
  </datafield>
  <datafield tag="505" ind1=" " ind2=" ">
    <subfield code="a">	Encouragement is positively the way up! --
The psychology of encouragement --
Getting high on yourself skills --
Listening builds relationships --
Responding with understanding --
Building agreement skills to create a bond --
Believing skills to communicate your respect --
Enthusiasm skills to create energy --
Focusing on assets, strengths &amp; resources --
Perceptual alternative --
Humor skills to lighten things up --
Recognizing discouraging belief skills --
Focusing on effort skills --
Rational thinking skills to defeat discouragement --
Goal commitment skills to define your destination --
Optimism skills to find the best vantage point --
Positive leadership skills --
Self-encouragement skills --
Living as a courageous, positive person.</subfield>
  </datafield>
  <datafield tag="520" ind1=" " ind2=" ">
    <subfield code="a">This book addresses the realities of discouragement and unhappiness that everyone faces and, for some, have become a way of life. Written by two respected psychologists, The Skills of Encouragement presents opportunities for readers to improve self-esteem and personal skills through practical exercises.</subfield>
  </datafield>
  <datafield tag="650" ind1=" " ind2="7">
    <subfield code="2">BUEsh</subfield>
    <subfield code="9">42028</subfield>
    <subfield code="a">Encouragement.</subfield>
  </datafield>
  <datafield tag="650" ind1=" " ind2="7">
    <subfield code="2">BUEsh</subfield>
    <subfield code="9">42027</subfield>
    <subfield code="a">Motivation.</subfield>
  </datafield>
  <datafield tag="653" ind1="1" ind2=" ">
    <subfield code="a">Motivation</subfield>
    <subfield code="b">BUSADM</subfield>
    <subfield code="c">February2019</subfield>
  </datafield>
  <datafield tag="700" ind1="1" ind2=" ">
    <subfield code="a">Losoncy, Lewis E.</subfield>
  </datafield>
  <datafield tag="942" ind1=" " ind2=" ">
    <subfield code="2">ddc</subfield>
    <subfield code="c">BB</subfield>
  </datafield>
  <datafield tag="952" ind1=" " ind2=" ">
    <subfield code="0">0</subfield>
    <subfield code="1">0</subfield>
    <subfield code="2">ddc</subfield>
    <subfield code="4">0</subfield>
    <subfield code="7">0</subfield>
    <subfield code="8">Alahram</subfield>
    <subfield code="a">MAIN</subfield>
    <subfield code="b">MAIN</subfield>
    <subfield code="c">LOW</subfield>
    <subfield code="d">2019-02-14</subfield>
    <subfield code="e">Purchase</subfield>
    <subfield code="g">102.00</subfield>
    <subfield code="h">356</subfield>
    <subfield code="l">2</subfield>
    <subfield code="m">14</subfield>
    <subfield code="o">158.1 DIN</subfield>
    <subfield code="p">000044255</subfield>
    <subfield code="q">2025-11-20</subfield>
    <subfield code="r">2025-10-21 00:00:00</subfield>
    <subfield code="s">2025-10-21</subfield>
    <subfield code="w">2019-02-14</subfield>
    <subfield code="y">BB</subfield>
  </datafield>
</record>
